[Event "Quebec Montcalm op 7th"]
[Site "Quebec"]
[Date "2003.05.08"]
[Round "2"]
[White "Lachance, Norbert"]
[Black "Faille, Jacques"]
[Result "1-0"]
[WhiteElo "1716"]
[BlackElo "1980"]
[PlyCount "101"]
[EventDate "2003.05.??"]
[EventType "swiss"]
[EventRounds "5"]
[EventCountry "CAN"]
[SourceTitle "EXT 2006"]
[Source "ChessBase"]
[SourceDate "2005.11.24"]
[SourceVersion "1"]
[SourceVersionDate "2005.11.24"]
[SourceQuality "1"]

1. d4 f5 2. Bg5 Nf6 3. Bxf6 exf6 4. e3 b6 5. Bd3 Bb7 6. Nf3 g6 7. h4 h5 8. Nbd2 Qe7 9. 0-0 Kf7 10. c3 Bh6 11. Re1 d5 12. Qb3 Kg7 13. Rac1 Nd7 14. c4 dxc4 15. Bxc4 c5 16. Bd5 Bxd5 17. Qxd5 Rhe8 18. Nb3 Rac8 19. dxc5 Nxc5 20. Nxc5 Rxc5 21. Rxc5 bxc5 22. Rd1 Kh8 23. Qc6 Rd8 24. Rxd8+ Qxd8 25. Qxc5 Bf8 26. Qd4 Qxd4 27. Nxd4 Kg8 28. Kf1 Bc5 29. Ne6 Bb6 30. Ke2 Kf7 31. Nf4 Bc7 32. Kd3 Be5 33. b3 a6 34. Kc4 g5 35. hxg5 fxg5 36. Nxh5 Kg6 37. Kd5 Bh2 38. Ng3 Bg1 39. Nh1 Kf6 40. a4 a5 41. e4 fxe4 42. Kxe4 Ke6 43. g3 Bh2 44. f4 gxf4 45. gxf4 Kd6 46. f5 Kc5 47. Kd3 Kd5 48. Nf2 Bf4 49. Ne4 Ke5 50. f6 Ke6 51. Kc4 1-0

[Event "Quebec Montcalm 04"]
[Site "Quebec"]
[Date "2003.02.13"]
[Round "5"]
[White "Lachance, Norbert"]
[Black "Bourassa, Andre"]
[Result "1/2-1/2"]
[WhiteElo "1708"]
[BlackElo "1686"]
[PlyCount "146"]
[EventDate "2003.01.??"]
[EventType "swiss"]
[EventRounds "5"]
[EventCountry "CAN"]
[SourceTitle "EXT 2009"]
[Source "ChessBase"]
[SourceDate "2008.11.26"]
[SourceVersion "1"]
[SourceVersionDate "2008.11.26"]
[SourceQuality "1"]

1. e4 c5 2. Nf3 d6 3. b3 Nc6 4. Bb2 e5 5. c3 Nf6 6. Qc2 Bd7 7. a3 Rc8 8. d3 Be7 9. Nbd2 0-0 10. Be2 Ne8 11. Rc1 f5 12. Qb1 Be6 13. b4 b6 14. 0-0 h6 15. d4 exd4 16. cxd4 fxe4 17. Qxe4 Bf5 18. Qd5+ Kh8 19. dxc5 dxc5 20. Qxd8 Nxd8 21. bxc5 Rxc5 22. Rxc5 Bxc5 23. Ne5 Nf6 24. g4 Bh7 25. Ndf3 Nf7 26. Nxf7+ Rxf7 27. g5 Ne4 28. gxh6 Bf8 29. Rd1 Bg8 30. Bd3 Rf4 31. hxg7+ Bxg7 32. Bxg7+ Kxg7 33. Bxe4 Rxe4 34. Rd7+ Kf6 35. Rxa7 Rg4+ 36. Kf1 Bc4+ 37. Ke1 Re4+ 38. Kd2 Re2+ 39. Kc3 Bd5 40. Nd4 Rxf2 41. Rd7 Bf7 42. Rd6+ Kg7 43. Rxb6 Rxh2 44. Ne6+ Kf6 45. Nd8+ Ke7 46. Nxf7 Kxf7 47. Rd6 Ke7 48. Rd4 Rh6 49. Kb4 Rd6 50. Rc4 Kd7 51. Kb5 Rd5+ 52. Kb6 Rd6+ 53. Kb7 Rd3 54. a4 Rb3+ 55. Ka6 Rb8 56. Ka7 Rb3 57. Rc5 Rb4 58. a5 Rb1 59. Rh5 Kc7 60. Rh7+ Kc8 61. a6 Rb3 62. Rb7 Ra3 63. Rb4 Rh3 64. Rc4+ Kd7 65. Rb4 Kc7 66. Rb7+ Kc8 67. Rf7 Rb3 68. Rb7 Rh3 69. Rb1 Rc3 70. Kb6 Kb8 71. Rb4 Rc8 72. Rd4 Ka8 73. Rd7 Rh8 1/2-1/2

[Event "Quebec Montcalm op 9th"]
[Site "Quebec"]
[Date "2001.09.13"]
[Round "1"]
[White "Auger, Bertrand"]
[Black "Lachance, Norbert"]
[Result "1-0"]
[WhiteElo "2070"]
[BlackElo "1685"]
[PlyCount "93"]
[EventDate "2001.09.13"]
[EventType "swiss"]
[EventRounds "5"]
[EventCountry "CAN"]
[SourceTitle "EXT 2009"]
[Source "ChessBase"]
[SourceDate "2008.11.26"]
[SourceVersion "1"]
[SourceVersionDate "2008.11.26"]
[SourceQuality "1"]

1. Nf3 d5 2. c4 c6 3. b3 Bg4 4. Bb2 Nd7 5. d4 Ngf6 6. Nbd2 e6 7. a3 Bd6 8. g3 0-0 9. Bg2 Re8 10. Ne5 Bh5 11. Ndf3 Ng4 12. 0-0 Ngxe5 13. Nxe5 f6 14. Nd3 Bf7 15. e4 dxe4 16. Bxe4 e5 17. d5 cxd5 18. cxd5 Nb6 19. Qf3 Bf8 20. Rfd1 Bxd5 21. Bxd5+ Qxd5 22. Qxd5+ Nxd5 23. Nxe5 Rad8 24. Nc4 Re2 25. Bd4 b6 26. Be3 b5 27. Na5 a6 28. Rd3 Kf7 29. b4 Be7 30. Nc6 Rc8 31. Nd4 Nxe3 32. Nxe2 Ng4 33. Rd7 Rc2 34. Nf4 Ne5 35. Rb7 Rd2 36. Kf1 g5 37. Ng2 Nd3 38. f4 gxf4 39. gxf4 Kf8 40. Rd7 f5 41. Ne1 Bf6 42. Rb1 Rb2 43. Rxb2 Nxb2 44. Rd6 Bh4 45. Nf3 Nc4 46. Rxa6 Ne3+ 47. Ke2 1-0